000 00426nam a2200181Ia 4500
001 4396
003 IN-NITTTR
005 20251114232959.0
008 251113s9999||||xx |||||||||||||| ||eng||
040 _beng
040 _cIN-NITTTR
041 _aeng
082 _a503 U1D
100 _aUvarov, E. B.
245 2 _aA dictionary of science. /
_cUvarov, E. B., Chapman, D. R.
700 _a Chapman, D. R.
942 _2ddc
_cBK
999 _c7032
_d7032